000
00314nam a2200133Ia 4500
005
20251222144651.0
008
251222s9999||||xx |||||||||||||| ||spa||
082
_a
869.56/Y52
100
_a
Yerovi, Nicolás
245
0
_a
Los Años Inmóviles:
250
_a
2da.ed.
264
_b
Jaime Campodónico
942
_c
LIB
999
_c
17058
_d
17058